Famous Atheists - Sudden Death - Statistics

General Stats
  • This quiz has been taken 292 times
  • The average score is 8 of 50
Answers on the Grid
Answers color-coded by a green-red scale on the quiz's grid according to % correct below.
Isaac Asimov
Mahatma Gandhi
Simone de Beauvoir
Ricky Gervais
Vladimir Lenin
Kaká
Terry Pratchett
Jimmy Carter
David Suzuki
Sigmund Freud
Constantine the Great
Linus Torvalds
Arthur C. Clarke
Roger Waters
Diego Rivera
Aretha Franklin
Johannes Kepler
Recep Tayyip Erdoğan
Bernardo Bertolucci
Alan Turing
Tom Brady
Richard Dawkins
Suleiman the Magnificent
Andy Serkis
David Gilmour
Vladimir Putin
James Cameron
Kareem Abdul-Jabbar
Orson Welles
J. R. R. Tolkien
Linus Pauling
Malcolm X
Seth MacFarlane
Jesse Ventura
Peter Higgs
Thomas Aquinas
Richard Gere
Quentin Tarantino
Mark Wahlberg
Sergei Eisenstein
Ayn Rand
Narendra Modi
Britney Spears
Elvis Presley
Karl Marx
Joan of Arc
Mother Teresa
Terry Wogan
Chris Pratt
Daniel Dennett
Hernán Cortés
Elizabeth Taylor
Stephen Fry
Muhammad Ali
Desmond Tutu
Aram Khachaturian
Michael Faraday
John D. Rockefeller
Eddie Izzard
René Descartes
George Orwell
Ravi Shankar
Dave Chappelle
Steven Pinker
Christopher Hitchens
John Calvin
Stephen Hawking
Mario Lopez
Isaac Newton
Leon Trotsky
Guglielmo Marconi
Blaise Pascal
Ian McKellen
Tom Hanks
Julia Roberts
Keira Knightley
Stevie Wonder
Nelson Mandela
Roman Polanski
Tina Turner
Kurt Vonnegut
Frank Zappa
Mel Gibson
George Harrison
Sam Harris
José Saramago
Martin Luther
Johnny Cash
Richard Burton
Kobe Bryant
Michelangelo
Denzel Washington
Robert Altman
Katharine Hepburn
Amitabh Bachchan
Tom Wolfe
Oscar Niemeyer
Guillermo del Toro
Herbie Hancock
Mohamed Salah
 
Answer Stats
Answer % Correct
Vladimir Lenin
67%
Ricky Gervais
52%
Sigmund Freud
49%
Isaac Asimov
46%
Richard Dawkins
41%
Karl Marx
39%
Alan Turing
37%
Simone de Beauvoir
30%
Stephen Fry
28%
Christopher Hitchens
26%
Stephen Hawking
25%
Leon Trotsky
23%
Seth MacFarlane
22%
Arthur C. Clarke
21%
Terry Pratchett
21%
Roger Waters
19%
Sam Harris
17%
Ayn Rand
16%
George Orwell
16%
Quentin Tarantino
15%
Ian McKellen
14%
Daniel Dennett
13%
Kurt Vonnegut
13%
David Gilmour
12%
Frank Zappa
11%
Guillermo del Toro
11%
Orson Welles
11%
Roman Polanski
11%
Sergei Eisenstein
11%
Diego Rivera
10%
James Cameron
10%
Linus Torvalds
9%
Peter Higgs
9%
Steven Pinker
9%
Andy Serkis
8%
Eddie Izzard
8%
Keira Knightley
7%
Bernardo Bertolucci
6%
Jesse Ventura
6%
José Saramago
6%
Katharine Hepburn
6%
Robert Altman
6%
Oscar Niemeyer
5%
David Suzuki
4%
Linus Pauling
4%
Britney Spears
3%
Tom Wolfe
3%
Terry Wogan
2%
Aram Khachaturian
1%
Richard Burton
1%
No matching quizzes found
Score Distribution
Percent of People with Each Score
Percentile by Number Answered
Your Score History
You have not taken this quiz